The sound of winter /

Saved in:
Bibliographic Details
Main Author: Heath-Miller, Mavis, 1914-
Format: Book
Language:English
Published: London : Collins, 1976.
Subjects:
LEADER 00854nam a2200241 i 4500
001 c000076459
003 CARM
005 00000000000000.0
008 761216s1976 enk 00011 eng d
015 |a B7700428 
019 1 |a 2156667  |5 LACONCORD2021 
020 |a 0002337886 :  |c L.2.75 
035 |a (OCoLC)59767311  |5 LACONCORD2021 
100 2 |a Heath-Miller, Mavis,  |d 1914- 
245 1 4 |a The sound of winter /  |c Mavis Heath-Miller. 
260 |a London :  |b Collins,  |c 1976. 
300 |a 159 p. ;  |c 20cm. 
500 |a Fiction in English, 1900-. Texts (BNB/PRECIS) 
650 0 |a English fiction. 
852 8 |b CARM  |h A2:AH08G0  |i A01825  |p 0136065  |f BK 
082 0 4 |a 823/.9/1  |2 18 
999 f f |i 2c60c0ec-bcf1-584a-b2d0-95e85e2050d1  |s 53190652-f479-5c47-a161-76b592fdc069 
952 f f |p Can circulate  |a CAVAL  |b CAVAL  |c CAVAL  |d CARM 1 Store  |e A01825  |f A2:AH08G0  |h Other scheme  |i book  |m 0136065